[Event "Padova op-A 13th"]
[Site "Padova"]
[Date "2010.12.19"]
[Round "9.11"]
[White "Isatto, Davide"]
[Black "Gallo, Enrico"]
[Result "1/2-1/2"]
[WhiteElo "1931"]
[BlackElo "2093"]
[PlyCount "66"]
[EventDate "2010.12.12"]
[EventType "swiss"]
[EventRounds "9"]
[EventCountry "ITA"]
[SourceTitle "EXT 2024"]
[Source "ChessBase"]
[SourceDate "2023.10.10"]
[SourceVersion "1"]
[SourceVersionDate "2023.10.10"]
[SourceQuality "1"]

1. d4 Nf6 2. c4 c5 3. d5 e6 4. Nc3 exd5 5. cxd5 d6 6. Nf3 g6 7. h3 Bg7 8. e4 0-0 9. Bd3 Re8 10. 0-0 c4 11. Bb1 b5 12. Nxb5 Nxe4 13. Re1 Bd7 14. Bxe4 Bxb5 15. Nd4 Bd7 16. Nc6 Qc7 17. Bf4 Bxb2 18. Rb1 Bc3 19. Re3 Bg7 20. Rb4 c3 21. Rc4 Nxc6 22. dxc6 Be6 23. Bd5 Rad8 24. Bg5 Rb8 25. Rd3 c2 26. Qf3 Rb1+ 27. Kh2 Bf5 28. Rb3 Be5+ 29. g3 Qa5 30. Rxc2 Qe1 31. Rxb1 Qxb1 32. Rc1 Qb2 33. c7 Rf8 1/2-1/2

[Event "Padova op-A 13th"]
[Site "Padova"]
[Date "2010.12.15"]
[Round "5.12"]
[White "Giuriato, Sergio"]
[Black "Isatto, Davide"]
[Result "1/2-1/2"]
[WhiteElo "1934"]
[BlackElo "1931"]
[PlyCount "87"]
[EventDate "2010.12.12"]
[EventType "swiss"]
[EventRounds "9"]
[EventCountry "ITA"]
[SourceTitle "EXT 2024"]
[Source "ChessBase"]
[SourceDate "2023.10.10"]
[SourceVersion "1"]
[SourceVersionDate "2023.10.10"]
[SourceQuality "1"]

1. d4 Nf6 2. c4 g6 3. Nf3 Bg7 4. g3 0-0 5. Bg2 c6 6. 0-0 d6 7. Nc3 Nbd7 8. e4 e5 9. h3 a6 10. Re1 Qe7 11. Be3 b5 12. cxb5 cxb5 13. Nd5 Nxd5 14. exd5 Bb7 15. dxe5 Nxe5 16. Bf4 Nxf3+ 17. Qxf3 Qf6 18. Rab1 Rfe8 19. Rxe8+ Rxe8 20. h4 h6 21. Qd3 Bc8 22. Qd2 Kh7 23. Qb4 Bf8 24. Re1 Rxe1+ 25. Qxe1 Qe7 26. Qb4 g5 27. hxg5 hxg5 28. Be3 Bg7 29. Bb6 Kg8 30. b3 Bb7 31. a4 bxa4 32. bxa4 Qe5 33. Qc4 Qc3 34. Qxc3 Bxc3 35. Bd8 f6 36. Be7 Be5 37. Kf1 Kf7 38. Bd8 Bc8 39. Ke2 Bd7 40. a5 g4 41. Ke3 Bb5 42. Be4 Bc4 43. Bc7 Kg7 44. Bb6 1/2-1/2

[Event "Padova op-A 13th"]
[Site "Padova"]
[Date "2010.12.13"]
[Round "2.10"]
[White "Isatto, Davide"]
[Black "Laketic, Gojko"]
[Result "0-1"]
[WhiteElo "1931"]
[BlackElo "2459"]
[PlyCount "54"]
[EventDate "2010.12.12"]
[EventType "swiss"]
[EventRounds "9"]
[EventCountry "ITA"]
[SourceTitle "EXT 2024"]
[Source "ChessBase"]
[SourceDate "2023.10.10"]
[SourceVersion "1"]
[SourceVersionDate "2023.10.10"]
[SourceQuality "1"]

1. d4 d6 2. c4 e5 3. d5 f5 4. Nc3 Nf6 5. Nf3 g6 6. e3 Bg7 7. Bd2 0-0 8. b4 h6 9. Be2 Ne4 10. 0-0 Nxd2 11. Qxd2 Nd7 12. Rac1 g5 13. Rfd1 g4 14. Ne1 h5 15. c5 dxc5 16. d6 c6 17. b5 Nb6 18. bxc6 bxc6 19. a4 a5 20. Qa2+ Kh7 21. Rb1 e4 22. Qb3 Rb8 23. Qa3 Be6 24. Qxc5 Nd7 25. Qa3 Qf6 26. Rxb8 Rxb8 27. Rc1 Rh8 0-1

[Event "Padova op-A 13th"]
[Site "Padova"]
[Date "2010.12.12"]
[Round "1.6"]
[White "Mrdja, Milan"]
[Black "Isatto, Davide"]
[Result "0-1"]
[WhiteElo "2418"]
[BlackElo "1931"]
[PlyCount "91"]
[EventDate "2010.12.12"]
[EventType "swiss"]
[EventRounds "9"]
[EventCountry "ITA"]
[SourceTitle "EXT 2024"]
[Source "ChessBase"]
[SourceDate "2023.10.10"]
[SourceVersion "1"]
[SourceVersionDate "2023.10.10"]
[SourceQuality "1"]

1. e4 e6 2. d4 d5 3. Nc3 dxe4 4. Nxe4 Bd7 5. Nf3 Bc6 6. Bd3 Nd7 7. Qe2 Ngf6 8. Neg5 Bd6 9. Ne5 0-0 10. Nxc6 bxc6 11. 0-0 c5 12. dxc5 Nxc5 13. Bc4 h6 14. Nf3 c6 15. Rd1 Qc7 16. Bd2 Rae8 17. b4 Ncd7 18. h3 e5 19. Nh4 e4 20. Nf5 Be5 21. Rab1 Nb6 22. Bb3 Nbd5 23. c4 Nf4 24. Bxf4 Bxf4 25. c5 Rd8 26. g3 Be5 27. Kg2 Nd5 28. Qxe4 Nc3 29. Qg4 Nxd1 30. Bxd1 Kh7 31. Bc2 g6 32. Nh4 Rg8 33. Nf3 Bf6 34. h4 Qd7 35. Qf4 Kg7 36. a4 h5 37. b5 cxb5 38. axb5 Qd5 39. c6 Rge8 40. Qb4 Re2 41. Rd1 Qa2 42. Rxd8 Bxd8 43. c7 Bxc7 44. Qd4+ Kg8 45. Bxg6 fxg6 46. Qd5+ 0-1

[Event "Mogliano Veneto 31st A"]
[Site "Mogliano Veneto"]
[Date "2010.05.01"]
[Round "2"]
[White "Isatto, Davide"]
[Black "Curtacci, Sergio"]
[Result "1-0"]
[WhiteElo "1928"]
[BlackElo "1997"]
[PlyCount "100"]
[EventDate "2010.04.30"]
[EventType "swiss"]
[EventRounds "5"]
[EventCountry "ITA"]
[SourceTitle "EXT 2024"]
[Source "ChessBase"]
[SourceDate "2023.10.10"]
[SourceVersion "1"]
[SourceVersionDate "2023.10.10"]
[SourceQuality "1"]

1. d4 e6 2. c4 f5 3. g3 Nf6 4. Bg2 d5 5. b3 c6 6. Nf3 Be7 7. 0-0 0-0 8. Ba3 Bxa3 9. Nxa3 Qe7 10. Nc2 Nbd7 11. e3 b6 12. Nce1 Ba6 13. Rc1 e5 14. dxe5 Nxe5 15. Nxe5 Qxe5 16. Nd3 Qe7 17. cxd5 cxd5 18. Re1 Rad8 19. Nf4 Ne4 20. Qd4 Bb7 21. Rc2 Rd7 22. Rec1 Qd6 23. Rd1 Rfd8 24. Qb2 Qe7 25. Ne2 g6 26. Nd4 Qf6 27. Qa3 a5 28. Qc1 Nc5 29. a3 Qe7 30. b4 axb4 31. axb4 Ne4 32. Qb2 Ra8 33. Qb3 Kg7 34. Bf1 Nd6 35. Nc6 Qf6 36. Qxd5 Rc8 37. b5 Rcc7 38. Qd4 Ne4 39. Qxd7+ Rxd7 40. Rxd7+ Kh6 41. Rxb7 Qa1 42. Ra7 Qd1 43. Raa2 Ng5 44. Ne5 Nh3+ 45. Kg2 Ng5 46. Rd2 Qb1 47. f3 Qb3 48. Kf2 Qe6 49. h4 Qxe5 50. hxg5+ Kh5 1-0

[Event "Noale Szabados Memorial-B 3rd"]
[Site "Noale"]
[Date "2010.02.06"]
[Round "2"]
[White "Isatto, Davide"]
[Black "Pisani, Valerio"]
[Result "1-0"]
[WhiteElo "1916"]
[BlackElo "1781"]
[PlyCount "67"]
[EventDate "2010.02.05"]
[EventType "swiss"]
[EventRounds "5"]
[EventCountry "ITA"]
[SourceTitle "EXT 2022"]
[Source "ChessBase"]
[SourceDate "2021.10.06"]
[SourceVersion "1"]
[SourceVersionDate "2021.10.06"]
[SourceQuality "1"]

1. d4 e6 2. c4 Nf6 3. Nc3 d5 4. cxd5 exd5 5. Bg5 Be7 6. e3 c6 7. Qc2 Nbd7 8. Bd3 Nf8 9. Nge2 Ng4 10. Bxe7 Qxe7 11. h3 Qh4 12. g3 Qh6 13. Nf4 Ng6 14. 0-0-0 Nf6 15. Nce2 0-0 16. Rdg1 Re8 17. g4 Nxf4 18. Nxf4 Ne4 19. h4 Qd6 20. g5 c5 21. dxc5 Nxc5 22. Bxh7+ Kh8 23. Rd1 Be6 24. Nxe6 Nxe6 25. Kb1 Rac8 26. Qf5 d4 27. exd4 Nxd4 28. Qd3 Rc4 29. Qxc4 Kxh7 30. Qxd4 Qg6+ 31. Qd3 Re2 32. Qxg6+ Kxg6 33. f4 Kf5 34. Rd7 1-0

[Event "Noale Szabados Memorial-B 3rd"]
[Site "Noale"]
[Date "2010.02.06"]
[Round "3"]
[White "Tonolo, Maurizio"]
[Black "Isatto, Davide"]
[Result "1/2-1/2"]
[WhiteElo "1756"]
[BlackElo "1916"]
[PlyCount "46"]
[EventDate "2010.02.05"]
[EventType "swiss"]
[EventRounds "5"]
[EventCountry "ITA"]
[SourceTitle "EXT 2022"]
[Source "ChessBase"]
[SourceDate "2021.10.06"]
[SourceVersion "1"]
[SourceVersionDate "2021.10.06"]
[SourceQuality "1"]

1. c4 e5 2. Nc3 Nc6 3. g3 Nf6 4. Bg2 d6 5. d3 g6 6. e4 Bg7 7. Nge2 Be6 8. h3 Qd7 9. Be3 0-0 10. Qd2 Ne8 11. f4 Bh6 12. g4 exf4 13. Bxf4 Bxf4 14. Nxf4 Ng7 15. 0-0-0 Nd4 16. Rhf1 Qd8 17. Ncd5 g5 18. Ne2 Nxe2+ 19. Qxe2 f6 20. Rf2 c6 21. Ne3 Qa5 22. Kb1 Rf7 23. Nf5 Nxf5 1/2-1/2

[Event "Padova op-A 12th"]
[Site "Padova"]
[Date "2009.12.20"]
[Round "9.14"]
[White "Franco, Alessandro P"]
[Black "Isatto, Davide"]
[Result "0-1"]
[WhiteElo "1638"]
[BlackElo "1947"]
[PlyCount "62"]
[EventDate "2009.12.13"]
[EventType "swiss"]
[EventRounds "9"]
[EventCountry "ITA"]
[SourceTitle "EXT 2024"]
[Source "ChessBase"]
[SourceDate "2023.10.10"]
[SourceVersion "1"]
[SourceVersionDate "2023.10.10"]
[SourceQuality "1"]

1. e4 d6 2. f4 Nf6 3. Nc3 c5 4. Nf3 g6 5. d4 cxd4 6. Nxd4 a6 7. Bc4 b5 8. Bb3 Bb7 9. 0-0 Nxe4 10. f5 Nf6 11. fxg6 hxg6 12. Qe2 Bg7 13. Bg5 0-0 14. Rae1 Qb6 15. Be3 Qc7 16. Qd3 Kh8 17. Bd2 d5 18. Qh3+ Kg8 19. Nf3 e6 20. Ng5 Nbd7 21. Ne2 Rfe8 22. c3 Qc5+ 23. Kh1 Qe7 24. Bc2 Nf8 25. Nf4 e5 26. Nd3 e4 27. Bb3 Qd7 28. Qxd7 N8xd7 29. Nf4 Bh6 30. Nfh3 Kg7 31. Bd1 Re5 0-1

[Event "Padova op-A 12th"]
[Site "Padova"]
[Date "2009.12.19"]
[Round "8.17"]
[White "Isatto, Davide"]
[Black "De Vito, Angelo"]
[Result "1-0"]
[WhiteElo "1947"]
[BlackElo "1440"]
[PlyCount "89"]
[EventDate "2009.12.13"]
[EventType "swiss"]
[EventRounds "9"]
[EventCountry "ITA"]
[SourceTitle "EXT 2024"]
[Source "ChessBase"]
[SourceDate "2023.10.10"]
[SourceVersion "1"]
[SourceVersionDate "2023.10.10"]
[SourceQuality "1"]

1. e4 e5 2. d4 Nc6 3. d5 Nb8 4. c4 Bc5 5. Qg4 d6 6. Qxg7 Qf6 7. Qxf6 Nxf6 8. f3 Nbd7 9. Ne2 h5 10. h4 Nf8 11. Nbc3 Bd7 12. a3 a5 13. Bd2 a4 14. Nc1 Ng6 15. Nd3 Bd4 16. Ne2 Ba7 17. Rc1 c5 18. Nc3 Bb6 19. Kf2 Nh7 20. Be2 Bd8 21. g3 Nf6 22. Nb5 Bxb5 23. cxb5 Ba5 24. Be3 Rc8 25. Rc4 Kd7 26. Bd1 Rcg8 27. Bxa4 Bb6 28. Bd1 Rh7 29. Ke2 Ne7 30. Bf2 Rhg7 31. Kd2 Nh7 32. Be2 f5 33. Bf1 Kc7 34. Bh3 Rf8 35. Rg1 fxe4 36. fxe4 Nf6 37. Be6 Ng4 38. Be1 Rg6 39. b4 Nh2 40. Kd1 Rf1 41. Rxf1 Nxf1 42. Bf2 Nxg3 43. Bxg3 Rxg3 44. Ke2 Rh3 45. Bxh3 1-0

[Event "Padova op-A 12th"]
[Site "Padova"]
[Date "2009.12.16"]
[Round "5.13"]
[White "Isatto, Davide"]
[Black "Antoniacci, Ricardo"]
[Result "0-1"]
[WhiteElo "1947"]
[BlackElo "1895"]
[PlyCount "75"]
[EventDate "2009.12.13"]
[EventType "swiss"]
[EventRounds "9"]
[EventCountry "ITA"]
[SourceTitle "EXT 2024"]
[Source "ChessBase"]
[SourceDate "2023.10.10"]
[SourceVersion "1"]
[SourceVersionDate "2023.10.10"]
[SourceQuality "1"]

1. d4 Nf6 2. c4 Nc6 3. Nf3 e6 4. a3 g6 5. Nc3 Bg7 6. Bg5 h6 7. Bh4 g5 8. Bg3 Nh5 9. e3 Nxg3 10. hxg3 b6 11. Bd3 Bb7 12. g4 d6 13. Qa4 Qd7 14. b4 Ne7 15. Qc2 Ng8 16. d5 0-0-0 17. 0-0-0 Nf6 18. Nd4 Kb8 19. dxe6 fxe6 20. f3 Qe7 21. Bg6 d5 22. Qa4 dxc4 23. Nc6+ Bxc6 24. Qxc6 Nd5 25. Nb5 Qf6 26. Nd4 Qxg6 27. Qa4 Bxd4 28. Rxd4 Nc3 29. Qc2 Qxc2+ 30. Kxc2 Nb5 31. Re4 Nxa3+ 32. Kb2 Rd3 33. Rxe6 Nb5 34. Re4 c3+ 35. Kc1 Rhd8 36. Rxh6 Rd1+ 37. Kc2 R8d2+ 38. Kb3 0-1

[Event "Basso Veronese 2nd"]
[Site "Casaleone"]
[Date "2009.11.08"]
[Round "2"]
[White "Isatto, Davide"]
[Black "Marino, Francesco V"]
[Result "1/2-1/2"]
[WhiteElo "1947"]
[BlackElo "1887"]
[PlyCount "58"]
[EventDate "2009.11.07"]
[EventType "tourn"]
[EventRounds "7"]
[EventCountry "ITA"]
[SourceTitle "EXT 2012"]
[Source "ChessBase"]
[SourceDate "2011.11.24"]
[SourceVersion "1"]
[SourceVersionDate "2011.11.24"]
[SourceQuality "1"]

1. d4 Nf6 2. c4 e6 3. Nc3 Bb4 4. a3 Bxc3+ 5. bxc3 Ne4 6. Qc2 f5 7. Nh3 b6 8. f3 Nf6 9. e3 Bb7 10. Bd3 0-0 11. 0-0 d6 12. e4 fxe4 13. fxe4 e5 14. c5 exd4 15. cxd6 cxd6 16. Qa2+ Kh8 17. Ng5 Qe7 18. Bd2 h6 19. Ne6 Re8 20. Nf4 Qd8 21. Rae1 Rxe4 22. Bxe4 Nxe4 23. Ng6+ Kh7 24. Qf7 Nd7 25. Qf5 Ndf6 26. Nh4+ Kh8 27. Ng6+ Kg8 28. Qe6+ Kh7 29. Qf5 Kg8 1/2-1/2

[Event "Arco op 31st"]
[Site "Arco"]
[Date "2009.10.20"]
[Round "4"]
[White "Cardilli, Mariano"]
[Black "Isatto, Davide"]
[Result "1-0"]
[WhiteElo "2106"]
[BlackElo "1942"]
[PlyCount "139"]
[EventDate "2009.10.17"]
[EventType "swiss"]
[EventRounds "9"]
[EventCountry "ITA"]
[SourceTitle "EXT 2010"]
[Source "ChessBase"]
[SourceDate "2010.11.25"]
[SourceVersion "1"]
[SourceVersionDate "2010.11.25"]
[SourceQuality "1"]

1. d4 Nf6 2. c4 g6 3. Nc3 Bg7 4. e4 d6 5. Nf3 0-0 6. Be2 e5 7. 0-0 Nc6 8. d5 Ne7 9. Ne1 c5 10. Nd3 Ne8 11. Be3 f5 12. f3 f4 13. Bf2 h5 14. b4 b6 15. a4 Bd7 16. a5 Nf6 17. Nb5 Bxb5 18. cxb5 Ne8 19. Qb3 Kh7 20. Nb2 Rb8 21. axb6 axb6 22. Ra7 Nc8 23. Ra2 Rf7 24. Rfa1 Rfb7 25. Ra8 Qd7 26. Rxb8 Rxb8 27. Nd1 Bf6 28. Nc3 Qb7 29. Bc4 Kh6 30. Bf1 Ra8 31. Rxa8 Qxa8 32. bxc5 dxc5 33. g3 g5 34. h4 Ncd6 35. hxg5+ Bxg5 36. Qa4 Nc7 37. Qxa8 Nxa8 38. Bh3 Kg6 39. Bd7 Kf6 40. Bc6 Nc7 41. Na4 fxg3 42. Bxg3 c4 43. Bf2 Ncxb5 44. Nxb6 c3 45. Nd7+ Kg7 46. Nxe5 c2 47. Nd3 c1Q+ 48. Nxc1 Bxc1 49. e5 Bf4 50. exd6 Nxd6 51. Kg2 Kg6 52. Bd7 Nc4 53. Be6 Bg5 54. Bg3 h4 55. Bc7 Be7 56. Kh3 Nd2 57. d6 Bf6 58. Bg4 Kg5 59. d7 Nc4 60. d8Q Bxd8 61. Bxd8+ Kf4 62. Bxh4 Nd2 63. Kg2 Nc4 64. Kf2 Nb2 65. Bg3+ Kg5 66. Ke3 Nc4+ 67. Kd3 Nb2+ 68. Kd4 Nd1 69. Be6 Nb2 70. Bb3 1-0

[Event "Padova op 11th"]
[Site "Padova"]
[Date "2008.12.17"]
[Round "5"]
[White "Zanini, Andrea"]
[Black "Isatto, Davide"]
[Result "0-1"]
[WhiteElo "1674"]
[BlackElo "1943"]
[PlyCount "66"]
[EventDate "2008.12.13"]
[EventType "swiss"]
[EventRounds "9"]
[EventCountry "ITA"]
[SourceTitle "CBM 127 Extra"]
[Source "ChessBase"]
[SourceDate "2009.01.08"]
[SourceVersion "2"]
[SourceVersionDate "2009.01.28"]
[SourceQuality "1"]

1. d4 Nf6 2. Nf3 g6 3. Nbd2 Bg7 4. e4 d6 5. Be2 0-0 6. 0-0 Nbd7 7. b3 c5 8. c3 Rb8 9. Bb2 Nh5 10. g3 f5 11. Ng5 Ndf6 12. e5 Bh6 13. exf6 Bxg5 14. fxe7 Qxe7 15. Re1 Qg7 16. f4 Bf6 17. Bxh5 gxh5 18. Qxh5 cxd4 19. cxd4 Bd7 20. Nf3 Bc6 21. Kg2 Qg4 22. Qxg4+ fxg4 23. Rad1 Bxf3+ 24. Kf2 Bxd1 25. Rxd1 Rfe8 26. Ba3 d5 27. Bd6 Rbc8 28. Rd2 Kf7 29. a4 Rc3 30. b4 Rec8 31. a5 Rc2 32. Ke3 Rxd2 33. Kxd2 Bxd4 0-1